Loreto College Library, Kolkata
WEBOPAC (ONLINE PUBLIC ACCESS CATALOGUE)

Gender Equality, Development and Women Empowerment (Record no. 5867)

MARC details
000 -LEADER
fixed length control field 00710nam a2200229Ia 4500
005 - DATE AND TIME OF LATEST TRANSACTION
control field 20231129091128.0
008 - FIXED-LENGTH DATA ELEMENTS--GENERAL INFORMATION
fixed length control field 131103s9999 xx 000 0 und d
020 ## - ISBN | অাই এস বি এন
ISBN | অাই এস বি এন 8126114622
PRICE Rs 1800
040 ## - CATALOGING SOURCE
Original cataloging agency Loreto College
041 ## - LANGUAGE CODE
Language code English
082 ## - DDC | ডিউই
Classification number | বর্গসংখ্যা 396
Book Number | গ্রন্থাঙ্ক PAN
245 ## - TITLE STATEMENT | অাখ্যা বিবরণী
Title | অাখ্যা Gender Equality, Development and Women Empowerment
Statement of responsibility | লেখকের দায়িত্বের বিবরণ Editor-in-Chief : A.K.Pandey
260 ## - IMPRINT | প্রকাশনা ক্ষেত্র
Place of publication | প্রকাশ স্থান New Delhi
Name of publisher | প্রকাশকের নাম Institute of Sustainable development, Lucknow and Anmol Publications Pvt. Ltd.
Date of publication | প্রকাশ কাল 2003
300 ## - PHYSICAL DESCRIPTION |
Page / Vol. No | পৃষ্ঠা / খন্ড সংখ্যা x,323p
504 ## - BIBLIOGRAPHY, ETC. NOTE
Bibliography, etc Includes bibliography and index
630 ## - SUBJECT ADDED ENTRY--UNIFORM TITLE
Uniform title Gender Studies
650 ## - SUBJECT ADDED ENTRY--TOPICAL TERM | বিষয় শিরোনাম - মূল বিষয়
Topical term | মূল বিষয় Feminism
651 ## - SUBJECT ADDED ENTRY--GEOGRAPHIC NAME | বিষয় শিরোনাম - ভৌগলিক নাম
Geographic name | ভৌগলিক বিষয় Women Studies
700 ## - ADDED ENTRY--PERSONAL NAME | অতিরিক্ত সংলেখ - ব্
Personal name | ব্যাক্তিনাম Pandey, A.K., Editor-in-Chief
850 ## - HOLDING INSTITUTION
Holding institution LCLIB
942 ## - ADDED ENTRY ELEMENTS (KOHA)
Koha item type Books
Holdings
Withdrawn status Lost status Source of classification Damaged status Not for loan Home library Current library Date acquired Total Checkouts Full call number Accession No. Date last seen Date checked out Price effective from Koha item type Coded location qualifier
    Dewey Decimal Classification     Loreto College Loreto College 04/11/2013 1 396 PAN 45190 B15528 18/03/2019 11/03/2019 04/11/2013 Books  
    Dewey Decimal Classification     Loreto College Loreto College 04/11/2013   396 PAN 43871 B5736 04/11/2013   04/11/2013 Books